20 Utilisateurs de foudre dans les Mangas / Anime - Statistiques

Statistiques générales
  • Ce quiz a été pris 406 fois
  • Le résultat moyen est 9 sur 20
Statistiques - réponses
Par images Réponse % Correct
Pikachu
98%
Killua
96%
Sasuke
94%
Zenitsu
90%
Edward
86%
Denki
73%
Ener
69%
Luxus
66%
Yoruichi
42%
Luck Voltia
37%
Gilthunder
32%
Beelzebub
24%
Sinbad
21%
Thor
20%
Akeno
8%
Aiolia
6%
Lambo
6%
Makoto Kino
4%
Budo
2%
Suzaku
2%
Aucun quiz correspondant
Distribution des résultats
% des personnes avec chaque résultat
Percentile par nombre de réponses
Votre historique - résultats
Vous n’avez pas pris ce quiz